Statystyki dla Państwa na literę I

Kliknij tutaj aby rozwiązać quiz!

Ogólne statystyki

  • Ten quiz został rozwiązany 62 razy
  • Średni wynik to 7 z 7

Statystyki odpowiedzi

HintOdpowiedź% Poprawnych
AzjaIrak
98%
EuropaIrlandia
98%
EuropaIslandia
98%
AzjaIran
96%
AzjaIndonezja
95%
AzjaIndie
91%
AzjaIzrael
76%

Rozkład punktacji

Percentyl według liczby udzielonych odpowiedzi

Procent ludzi z każdym wynikiem

Twoja historia wyników

Nie rozwiązałeś tego quizu